000
00364nam a2200133Ia 4500
008
230917s9999||||xx |||||||||||||| ||und||
040
_e
169786
_a
MAIN
041
_a
English
082
_a
891.432741 SP41A
100
_a
सगल, प्रताप
245
0
_a
अंधेरे में
260
_a
दिल्ली
_b
अभिनव
_c
1978
942
_c
HN
999
_c
193181
_d
193181